Biochemické obrazy v resuscitační/intenzivní péči u dlouhodobých pacientů s kauzálními neurologickými diagnózami

Bibliographic Details
Corporate Author: Vejvalkův myastenický den (Author)
Other Authors: Šimková, Libuše (Compiler)
Format: Conference Proceeding Article
Language:Czech
ISSN:1335-9592
Subjects:

MARC

LEADER 00000nab a2200000 a 4500
001 vtls000843822
003 SK-MaSNL
005 20260304171912.0
008 141006c2003 xo 0 cze
015 |a SNBRB2003/08-24539 
035 |a CLN000195477 
040 |a SNKBUCL  |b slo  |c SNKBUCL  |e AACR2 
041 0 |a cze 
044 |a xo  |c SK 
080 |a 616.74-009.115-037  |2 1997 
100 1 |a Drábková, Jarmila,  |d 1934-2024  |4 oth  |9 200180 
245 1 0 |a Biochemické obrazy v resuscitační/intenzivní péči u dlouhodobých pacientů s kauzálními neurologickými diagnózami  |c J. Drábková, Libuše Šimková 
650 0 7 |a myasthenia gravis  |2 MESH  |9 431300 
650 0 7 |a biologické markery  |2 MESH  |9 84323 
650 0 7 |a diagnóza  |2 MESH  |9 2604 
650 0 7 |a intenzívna starostlivosť  |2 MESH  |9 66540 
650 0 7 |a abstrakty  |2 MESH  |9 90504 
655 7 |a články z novín a časopisov  |2 snkbucl  |9 267496 
700 1 |a Šimková, Libuše  |4 com  |9 307433 
711 1 |a Vejvalkův myastenický den  |n 11.  |4 aut  |9 1309159 
773 0 |t Neurológia pre prax  |g Roč. 2, č. 1 (2003), s. 48  |x 1335-9592 
850 |a Slovenská národná knižnica v Martine 
852 |a SNK  |b KIS3GCP 
958 |a MI 
999 |c 2995484  |d 2997414